1513 1036 1611 1810 1484 1818 1093 1783 1244 1312 1322 1397 1405 1135 1941 1559 1147 1037 1096 1962 1346 1862 1530 1024 1471 1286 1370 1486 1542 1685 1748 1937 1840 1654 1822 1516 1395 1607 1022 1700 1968 1287 1669 1114 1394 1693 1042 1037 1604 1819 1307 1592 1713 1628 1831 1228 1313 1137 1288 1192 1050 1825 1515 1976 1554 1543 1129 1565 1334 1577 1521 1964 1321 1816 1352 1291 1893 1495 1978 1527 1265 1394 1205 1235 1151 1705 1618 1506 1770 1547 1329 1523 1954 1631 1489 1464 1227 1147 1817 BCNSPRNW ULIB Ver.6.0+V

เปลี่ยนเป็นภาษาไทย

Change to English
 แสดงรายละเอียดบรรณานุกรม
  กลับหน้าหลัก

Brief Record : Get Marc (ISO 2709) : E-mail record : QR code < ปิดหน้าต่าง
LEADER : 00000nam 2200000uu 4500
001    13399112504
003     ULIB
008    110819s2544||||th 000 0 tha d
020    9748535401
050 04 TK510.875I57^bส491ค 2544
100 0  แสงชัย ฤกษ์วรัญญู
245 10 คู่มือนักท่องเว็บ :^bไทย-ต่างประเทศ /^cแสงชัย ฤกษ์วรัญญ,เกรียงศักดิ์ นิมิตชัยกิจกุล
250    พิมพ์ครั้งที่ 1
260    กรุงเทพฯ :^bอินโฟเพรส,^c2544
300    260 หน้า :^bภาพประกอบ
650  7 เว็บไซต์
650  7 อินเตอร์เน็ต
945    ^p150^l0^i014811
995    ทศพร
999 ^a ทศพร
รายการนี้ยังไม่มีแท็ก
คุณยังไม่ได้ล็อกอิน คุณสามารถมีกิจกรรมร่วมกับเว็บไซต์ได้ แต่ต้องล็อกอินก่อน ::
  ล็อกอิน

รายการสื่อสารสนเทศ

ลำดับที่ ประเภท เลขเรียก/บาร์โค้ด สถานที่ สถานะ
- ไม่พบข้อมูล -

รายการใกล้เคียง
    หัวเรื่อง [เว็บไซต์]
    หัวเรื่อง [อินเตอร์เน็ต]

BibComment


ยังไม่เคยถูกคอมเมนท์

คอมเมนท์ทรัพยากรรายการนี้
  คอมเมนท์: คู่มือนักท่องเว็บ..


 Copyright 2026. Bcnsprnw @Library